000 00645cam a2200229 4500
008 090401t1991 xxu||||| |||| 00| 0 eng d
020 _a058207617X
035 _a(Sirsi) u24564
041 _aeng
050 _a692.8
100 _aAshworth, Allan
245 _aContractual procedures in the construction industry
250 _a2nd.
260 _aHarlow, Essex
_bLongman Scientific & Technical
_c1991
300 _ax, 336p. ; 22cm.
350 _a14.99
650 _aBUILT ENVIRONMENT-BUILDING CONTRACT FORMS
650 _aProcurement-old
690 _aBUILT ENVIRONMENT-BUILDING CONTRACT FORMS
942 _n0
948 _c04/03/1997
999 _c88566
_d88566